Silnice v Československu

Bibliographic Details
Main Author: Kudrnka, J. (Author)
Format: Book
Language:Czech
German
Russian
PhysicalDescription:112 s. fotogr., mp. 30 cm
Published: Praha Federální ministerstvo dopravy 1971
Subjects:

MARC

LEADER 00000cam a2200000 a 4500
001 vtls010483432
003 SK-MaSNL
005 20260311144424.0
008 251201s1971 xr o g 000 0 cze
015 |a SNBA1971 
040 |a SNK  |b slo  |c SNK  |e AACR2 
041 0 |a cze  |a ger  |a rus 
043 |a e-cs--- 
044 |a xr  |c CZ 
072 7 |a 625  |x Pozemné komunikácie. Železničné staviteľstvo  |2 konspekt 
080 |a 625.7/.8  |2 2001 
080 |a 625.8  |2 2001 
080 |a 625.711.1/.3  |2 2001 
080 |a 625.711.3  |2 2001 
080 |a (437)  |2 2001 
245 0 0 |a Silnice v Československu  |c autor. kol. [J. Kudrnka ... [et al.] 
246 1 1 |a Dorogi v Čechoslovakii 
246 1 1 |a Strassen in der Tswchechoslowakei 
260 |a Praha  |b Federální ministerstvo dopravy  |c 1971 
300 |a 112 s.  |b fotogr., mp.  |c 30 cm 
546 |a Súbežný text rusky a nemecky 
546 |a Súbežný názov rusky a nemecky 
650 0 7 |a pozemné komunikácie  |2 SNKPH  |9 3578 
650 0 7 |a vozovky  |2 SNKPH  |9 3577 
650 0 7 |a cesty  |2 SNKPH  |9 25096 
650 0 7 |a diaľnice  |2 SNKPH  |9 14603 
650 0 7 |a Roads and highways  |2 SNKPHeng  |9 275165 
650 0 7 |a Highways  |2 SNKPHeng  |9 322175 
650 0 7 |a Roads  |2 SNKPHeng  |9 304409 
650 0 7 |a Express highways  |2 SNKPHeng  |9 328431 
651 7 |a Československo  |2 SNKPH  |9 21376 
651 7 |a Czechoslovakia  |2 SNKPHeng  |9 265183 
700 1 |a Kudrnka, J.  |4 aut  |9 704211 
852 |a Štátna vedecká knižnica v Banskej Bystrici 
958 |a OND 
999 |c 1096018  |d 1097948 
952 |a SNK  |b SNK  |y PREZ  |7 0  |p 17A0897780  |o snkSB 19122  |i snkKIP 2192/73  |0 0  |1 0  |4 0  |d 2015-07-15  |l 0  |r 2025-03-20 00:00:00  |w 2026-02-24 
952 |a SNK  |b SNK  |y VYP  |7 0  |o snkSB 19122 D1  |i snkKIP 2193/73  |0 0  |1 0  |4 0  |d 2015-07-15  |l 0  |r 2026-02-24 17:13:20  |w 2026-02-24